000 00627nam a2200229Ia 4500
003 OSt
005 20220926040513.0
006 a|||||r|||| 00| 0
007 ta
008 220923b |||||||| |||| 00| 0 eng d
037 _cGeneral Book
040 _aRTL
_cRTL
_beng
041 _2eng
_aeng
082 _aX:77.73.N6, K3
100 _aSamuelson Paul A.
245 0 _aStability and growth in the American economy
260 _c1963
500 _aWicksell lecltures, 1962.
650 _aEconomic Development
_917300
942 _hX:77.73.N6, K3
_cGB
_2CC
999 _c664987
_d664987